00356nam a2200133 a 4500008004100000050001700041100002300058245004600081260003200127300001700159350000900176650002400185650001300209120416s1975 ||||||||||||||||| || u aHD 69.S6 Gre aGreene, Gardiner G10aHow to start and manage your own business aNew YorkbMcGraw-Hillc1975 ax, 243 pages a0.00 aBUSINESS MANAGEMENT 0aBUSINESS